Central Library, Doon University
WEBOPAC (ONLINE PUBLIC ACCESS CATALOGUE)

Advanced Textbook on Biodiversity (Record no. 60762)

MARC details
000 -LEADER
fixed length control field 00497nam a22001817a 4500
005 - DATE & TIME
control field 20260511131616.0
008 - FIXED-LENGTH DATA ELEMENTS--GENERAL INFORMATION
fixed length control field 260511b |||||||| |||| 00| 0 eng d
020 ## - ISBN
International Standard Book Number 9788120416062
Price 595.00
040 ## - CATALOGING SOURCE
Original cataloging agency Doon University
041 ## - Language
Language English
082 ## - DDC NUMBER
Classification number 333.95
Book Number KRI
100 ## - MAIN ENTRY--PERSONAL NAME
Personal name Krishnamurthy, K.V.
245 ## - TITLE STATEMENT
Title Advanced Textbook on Biodiversity
Sub Title :Principles and Practice
260 ## - PUBLICATION, DISTRIBUTION, ETC. (IMPRINT)
Place of publication, distribution, etc New Delhi
Name of publisher, distributor, etc CBS
Date of publication, distribution, etc 2023
300 ## - PHYSICAL DESCRIPTION
Pages 260
650 ## - Subject
Subject Environment Science (PM USHA)
942 ## - ADDED ENTRY ELEMENTS (KOHA)
Koha item type Books
100 ## - MAIN ENTRY--PERSONAL NAME
-- 25175
650 ## - Subject
-- 26725
952 ## - LOCATION AND ITEM INFORMATION (KOHA)
-- 2026-05-11
952 ## - LOCATION AND ITEM INFORMATION (KOHA)
-- 2026-05-11
952 ## - LOCATION AND ITEM INFORMATION (KOHA)
-- 2026-05-11
Holdings
Withdrawn status Lost status Source of classification or shelving scheme Damaged status Not for loan Location (home branch) Sublocation or collection (holding branch) Date acquired Koha full call number Accession No. Koha date last seen Koha item type Koha issues (times borrowed)
        Not For Loan Doon University Doon University 11.05.2026 333.95 KRI 32977 11.05.2026 Reference  
          Doon University Doon University 11.05.2026 333.95 KRI 32978 11.05.2026 Books  
          Doon University Doon University 11.05.2026 333.95 KRI 32979 11.05.2026 Books  
Contact : +91-135-2533126 (Library),+91-135-2533105 (Admin Office) , Email : doonlibrary@gmail.com

Powered by Koha